Bài tập vật lý 12 : Nâng cao
Nội dung sách gồm phần đề bài và phần hướng dẫn, lời giải và đáp số. Các bài tập được xếp theo từng chương, được bố trí theo trình tự như trong sách giáo khoa.
محفوظ في:
| المؤلف الرئيسي: | |
|---|---|
| التنسيق: | كتاب |
| اللغة: | Undetermined |
| منشور في: |
Hà Nội
Giáo dục
2009
|
| الموضوعات: | |
| الوسوم: |
إضافة وسم
لا توجد وسوم, كن أول من يضع وسما على هذه التسجيلة!
|
| Thư viện lưu trữ: | Trung tâm Học liệu Trường Đại học Cần Thơ |
|---|
| LEADER | 00946nam a2200229Ia 4500 | ||
|---|---|---|---|
| 001 | CTU_159093 | ||
| 008 | 210402s9999 xx 000 0 und d | ||
| 020 | |c 7600 | ||
| 082 | |a 530.712 | ||
| 082 | |b Kh452 | ||
| 100 | |a Nguyễn, Thế Khôi | ||
| 245 | 0 | |a Bài tập vật lý 12 : | |
| 245 | 0 | |b Nâng cao | |
| 245 | 0 | |c Nguyễn Thế Khôi, Vũ Thanh Khiết ( đồng chủ biên ) ... [ et al. ] | |
| 260 | |a Hà Nội | ||
| 260 | |b Giáo dục | ||
| 260 | |c 2009 | ||
| 520 | |a Nội dung sách gồm phần đề bài và phần hướng dẫn, lời giải và đáp số. Các bài tập được xếp theo từng chương, được bố trí theo trình tự như trong sách giáo khoa. | ||
| 650 | |a Physics,Vật lý | ||
| 650 | |x Teacher's book,Sách giáo viên | ||
| 904 | |i QHieu | ||
| 980 | |a Trung tâm Học liệu Trường Đại học Cần Thơ | ||